00655nam a22001697a 4500003000900000008004100009040007100050082001900121100002600140245005800166260003100224300002900255505014700284650001700431650002700448650001000475AR-CdUCM190306b ||||| |||| 00| 0 spa d aMUNICIPALIDAD PROVINCIAL DEL CUSCOcBIBLIOTECA MUNICIPAL DEL CUSCO a338.985 /bV22 aValverde, A. Humberto aRegion, Regionalismo y desarrollo Regional en Piura / aPerú :bCEPESER ,c1984. a78 páginas ;c20.5 cm. aContenido : Piura ; una region anterior a la regionalizacion -- Regionalismo en Piura -- Hacia la busqueda de un nuevo desarrollo en Piura... aRegionalismo aRegíonalismo Peruano aPiura